Psicología del envejecimiento
Uloženo v:
| Hlavní autor: | |
|---|---|
| Médium: | Kniha |
| Jazyk: | španělština |
| Vydáno: |
Madrid
Paraninfo
2001
|
| Témata: | |
| Tagy: |
Přidat tag
Žádné tagy, Buďte první, kdo vytvoří štítek k tomuto záznamu!
|
MARC
| LEADER | 00000nam a2200000 a 4500 | ||
|---|---|---|---|
| 001 | UCM1717 | ||
| 003 | CL-VaPUC | ||
| 008 | 020412e20010000SP |||||||||||||||||spa|d | ||
| 082 | 0 | 4 | |a 155.67 |b BEL |2 21 |
| 100 | 0 | |a Belsky, Janet |e author |9 468524 | |
| 245 | 1 | 0 | |a Psicología del envejecimiento |
| 300 | |a 488 p | ||
| 942 | |c BK | ||
| 945 | |d 20020412 00:00:00 |a vberengu | ||
| 260 | |a Madrid |b Paraninfo |c 2001 | ||
| 650 | 7 | |a ENVEJECIMIENTO |2 CL-VaPUC |9 468525 | |
| 650 | 7 | |a GERONTOLOGIA |2 CL-VaPUC |9 309824 | |
| 650 | 7 | |a ENVEJECIMIENTO - ASPECTOS PSICOLOGICOS |2 CL-VaPUC |9 468526 | |
| 583 | |a last modification |c 20020412 00:00:00 |k Rodrigo Vera | ||
| 999 | |c 299963 |d 299961 | ||
| 952 | |0 0 |1 0 |4 0 |6 155_670000000000000_BEL_2001 |7 0 |8 A |9 357166 |a BIBEDU |b BIBEDU |d 2019-11-21 |i 3808246 |o 155.67 BEL 2001 |p 3808246 |r 2019-11-21 |w 2019-11-21 |y BK |k PSI | ||